000 00542nam a22001697a 4500
005 20231107100131.0
008 231107b |||||||| |||| 00| 0 eng d
020 _a409051136
041 _aEnglish
082 _a346.43 ROR
100 _aRorke, RF
_lEnglish
245 _aSupplement to a commentary on the Sectional Titles Act 1971 /
_cRF Rorke
260 _aDurban :
_bButterworth and Company (Pty) Ltd,
_c1974
300 _bvii, 105 pages ;
_c24,8 cm.
650 _aLegal practice
_bLaw
942 _cBK
_6ALISON_BN_VRIES
999 _c362
_d362